| 000 | 02371nam0a2200421 4500 | ||
|---|---|---|---|
| 001 | RU\NLR\BIBL_A\012514803 | ||
| 005 | 20210729170220.0 | ||
| 010 | _a978-5-696-05081-2 | ||
| 010 |
_a978-5-696-05088-1 _bт. 1 _9500 |
||
| 021 |
_aRU _bКН-П-20-085781 _9КН-П-20-6531 |
||
| 035 | _a(NLR Aleph) 012514803 | ||
| 035 | _a(RuMoRGB)010531670 | ||
| 090 |
_a12283602 _c12283602 |
||
| 100 | _a20210511d2019 k y0rusy50 ca | ||
| 101 | 0 | _arus | |
| 102 | _aRU | ||
| 105 | _aacb|z|||000zy | ||
| 181 | 0 |
_ai _baxxe |
|
| 182 | 0 | _an | |
| 200 | 1 |
_aЮжный Урал в каменном веке _f[Вадим Сергеевич Мосин] _fМинистерство науки и высшего образования Российской Федерации, Южно-Уральский государственный университет (национальный исследовательский университет), Федеральное государственное бюджетное учреждение науки "Институт истории и археологии Уральского отделения Российской академии наук", Южно-Уральский филиал |
|
| 203 |
_aТекст _bвизуальный _cнепосредственный |
||
| 210 |
_aЧелябинск _cИздательский центр ЮУрГУ _d2019 |
||
| 215 |
_a401, [7] с. _cил., цв. ил., портр. _d30 |
||
| 225 | 1 |
_aИстория Южного Урала _eв 8 т. _vт. 1 |
|
| 300 | _aАвт. указан на концевой тит. с. и в макете | ||
| 300 | _aВ конце кн. авт.: В.С. Мосин - д.ист.н., | ||
| 320 | _aБиблиогр. в конце разделов | ||
| 320 | _aОсн. публ. авт. в конце кн. | ||
| 606 | 1 |
_aКаменный век _yУрал Южный _92483986 _3RU\NLR\AUTH\6601690807 |
|
| 686 | 1 | _aТ4(2Р36)21 | |
| 700 | 1 |
_7ca _8rus _aМосин _bВ. С. _f1954- _gВадим Сергеевич _951426 _3RU\NLR\AUTH\7768498 |
|
| 712 | 0 | 2 |
_4475 _aЮжно-Уральский государственный университет _cЧелябинск _9322931 _3RU\NLR\AUTH\8824138 |
| 942 | _cBOOK | ||
| 980 | _aNBR | ||
| 980 | _aNB | ||